000 01216nam a2200277 a 4500
001 12777020
008 161101s2002 ||||||||||||||||| || u
010 _a2002421266
020 _a1853395153
050 _aTD 327 Han
100 _aJudge, Emma
245 1 0 _aHands on food, water and finance.
_ccompiled by Emma Judge.
246 _aFood, water and finance
260 _aLondon
_bITDG
_c2002
300 _axvi, 238 pages : illustrations
350 _a35.95
490 _aPractical innovations for a sustainable world
500 _aIncludes bibliographical references (p. [215]-229)
650 _aRURAL DEVELOPMENT--DEVELOPING COUNTRIES
650 _aAPPROPRIATE TECHNOLOGY--DEVELOPING COUNTRIES
650 _aSANITATION, RURAL--DEVELOPING COUNTRIES
650 _aWATER-SUPPLY, RURAL--DEVELOPING COUNTRIES
650 _aSUSTAINABLE AGRICULTURE--DEVELOPING COUNTRIES
995 _aMAIN LIBRARY OPEN ACCESS
_D35.95
_e747002
_FCBU-MAIN LIBRARY (Kitwe)
_jTD 327 Han
_M1
_UAVAILABLE
_WNov 1, 2016
_y747002
_ZMain Library Open Access Collection
995 _aMAIN LIBRARY OPEN ACCESS
_e747003
_FCBU-MAIN LIBRARY (Kitwe)
_I35.95
_jTD 327 Han
_M2
_UAVAILABLE
_WNov 1, 2016
_y747003
_ZMain Library Open Access Collection
999 _c76125
_d76125